[Event "HCL-C067"]
[Site "www.playchess.de"]
[Date "2001.02.01"]
[Round "2"]
[White "Ewie"]
[Black "ASchepler"]
[WhiteElo "669"]
[BlackElo "1144"]
[PlyCount "42"]
[Result "0-1"]

1.e4 d5 2.Nc3 Nf6 3.Nf3 dxe4 4.Nxe4 Nxe4 5.Bd3 Nf6 
6.O-O e6 7.Re1 Bd6 8.b3 b6 9.Bb2 Bb7 10.Bxf6 Qxf6 
11.c4 Bxf3 12.Qxf3 Qxf3 13.gxf3 O-O 14.Be4 c6 
15.a4 a5 16.h4 Ra7 17.Kg2 Rd7 18.Reh1 Bb4 19.d3 
Bc3 20.Rad1 f5 21.Rdc1 Bb4 0-1

[Event "HCL-C067"]
[Site "www.playchess.de"]
[Date "2001.02.01"]
[Round "3"]
[White "Knight"]
[Black "Ewie"]
[WhiteElo "1000"]
[BlackElo "669"]
[PlyCount "41"]
[Result "1-0"]

1.e4 e5 2.Nf3 Nc6 3.Bb5 Bc5 4.Bxc6 dxc6 5.Nxe5 Qf6 
6.Nf3 Ne7 7.d4 Bb6 8.Bg5 Qe6 9.Nc3 Ba5 10.Qd3 Ng6 
11.O-O O-O 12.d5 cxd5 13.Qxd5 Qxd5 14.Nxd5 h6 
15.Be3 Be6 16.h3 Rad8 17.Rad1 c6 18.Nf4 Bxa2 
19.Rda1 Nxf4 20.Bxf4 Bc4 21.Rxa5 1-0

[Event "HCL-C067"]
[Site "www.playchess.de"]
[Date "2001.02.01"]
[Round "4"]
[White "ASchepler"]
[Black "JeanPierre"]
[WhiteElo "1144"]
[BlackElo "1604"]
[PlyCount "34"]
[Result "0-1"]

1.e4 c5 2.Nf3 g6 3.d4 Bg7 4.d5 d6 5.c4 Nf6 6.Nc3 
O-O 7.Bd3 Re8 8.b3 Nxe4 9.Nxe4 Bxa1 10.Bh6 Qa5+ 
11.Bd2 Qxa2 12.O-O Bg7 13.Neg5 Na6 14.Nh4 Nb4 
15.Bxg6 hxg6 16.Nf5 Bxf5 17.Bxb4 
cxb4 0-1

[Event "HCL-C067"]
[Site "www.playchess.de"]
[Date "2001.02.01"]
[Round "6"]
[White "Ewie"]
[Black "JeanPierre"]
[WhiteElo "669"]
[BlackElo "1604"]
[PlyCount "48"]
[Result "1/2-1/2"]

1.e4 d5 2.exd5 Nf6 3.c4 e6 4.Nc3 exd5 5.Nf3 d4 
6.Nd5 Nxd5 7.cxd5 Qxd5 8.Bd3 Bg4 9.O-O Bxf3 
10.Qxf3 Qxf3 11.Re1+ Be7 12.gxf3 Nc6 13.Bb5 a6 
14.Bxc6+ bxc6 15.b3 Kd7 16.d3 Rhe8 17.Bd2 Bd6 
18.Rac1 f5 19.Rxe8 Rxe8 20.Re1 Rxe1+ 21.Bxe1 c5 
22.Bd2 Kc6 23.Kg2 Kb5 24.h4 h5 1/2-1/2

[Event "HCL-C067"]
[Site "www.playchess.de"]
[Date "2001.02.01"]
[Round "7"]
[White "Diagoras"]
[Black "ASchepler"]
[WhiteElo "1000"]
[BlackElo "1144"]
[PlyCount "55"]
[Result "1-0"]

1.e4 d5 2.Nc3 Nf6 3.e5 Ne4 4.Qf3 Nxc3 5.dxc3 e6 
6.Bf4 Bc5 7.Nh3 O-O 8.Bd3 c6 9.Bxh7+ Kxh7 10.Qh5+ 
Kg8 11.Ng5 Qxg5 12.Bxg5 Nd7 13.Bf4 f6 14.exf6 Rxf6 
15.Qe8+ Kh7 16.Be3 Bxe3 17.fxe3 Nb6 18.b3 Bd7 
19.Qh5+ Kg8 20.g4 Be8 21.Qg5 Bg6 22.O-O-O Bh7 
23.Qe5 Raf8 24.g5 R6f2 25.Qxe6+ Kh8 26.Rd2 R2f3 
27.Qd6 Rxe3 28.Qxf8+ 1-0

[Event "HCL-C067"]
[Site "www.playchess.de"]
[Date "2001.02.01"]
[Round "8"]
[White "Knight"]
[Black "Diagoras"]
[WhiteElo "1000"]
[BlackElo "1000"]
[PlyCount "106"]
[Result "0-1"]

1.e4 e5 2.f4 exf4 3.Nf3 d6 4.d4 g5 5.Nc3 Bg7 6.Be2 
Nc6 7.Bb5 g4 8.d5 gxf3 9.Qxf3 a6 10.Bxc6+ bxc6 
11.dxc6 h5 12.Bxf4 Bg4 13.Qg3 Bxc3+ 14.Qxc3 f6 
15.h3 Be6 16.O-O-O Qb8 17.Rd4 a5 18.Ra4 Qb5 19.b3 
Ra6 20.Re1 Kf7 21.Bd2 Ne7 22.Rxa5 Rxa5 23.Qxa5 
Qxc6 24.Kb2 h4 25.Qb4 Qb6 26.Qc3 Qf2 27.Be3 Qxg2 
28.Bd4 Qxh3 29.Re3 Qg4 30.Bxf6 Rc8 31.Rf3 Ke8 
32.Bg7 h3 33.Rg3 Qxe4 34.Re3 Qf5 35.Qe1 Kd7 36.Qh4 
Qg4 37.Qh6 Ng8 38.Qh7 Bf5 39.Qh8 h2 40.Re1 Qg2 
41.Qh4 Qxg7+ 42.Kb1 Qg2 43.Rc1 Bxc2+ 44.Kb2 Be4+ 
45.Ka3 Ra8+ 46.Kb4 Rxa2 47.Qe1 h1Q 48.Qc3 c5+ 
49.Qxc5 dxc5+ 50.Rxc5 Qd2+ 51.Rc3 Bd3 52.Kc5 Qxc3+ 
53.Kb6 Qhc6+ 0-1

[Event "HCL-C067"]
[Site "www.playchess.de"]
[Date "2001.02.01"]
[Round "9"]
[White "Diagoras"]
[Black "Ewie"]
[WhiteElo "1000"]
[BlackElo "669"]
[PlyCount "45"]
[Result "1-0"]

1.e4 e5 2.Nf3 Nf6 3.Nc3 Bd6 4.Bc4 O-O 5.Ng5 Nc6 
6.d3 Qe7 7.Nb5 b6 8.Bd2 Ba6 9.Nxd6 Bxc4 10.Nxc4 b5 
11.Ne3 b4 12.Nf5 Qc5 13.Be3 Qa5 14.Qf3 b3+ 15.c3 
Nb4 16.cxb4 Qxb4+ 17.Bd2 Qa4 18.a3 g6 19.Ne7+ Kg7 
20.Rc1 Qd4 21.Bc3 Qc5 22.Nd5 Nxd5 
23.Bxe5+ 1-0

[Event "HCL-C067"]
[Site "www.playchess.de"]
[Date "2001.02.01"]
[Round "10"]
[White "JeanPierre"]
[Black "Diagoras"]
[WhiteElo "1604"]
[BlackElo "1000"]
[PlyCount "63"]
[Result "1-0"]

1.d4 d5 2.c4 e6 3.Nc3 Nf6 4.Bg5 Nbd7 5.e3 c6 6.Nf3 
Qa5 7.Nd2 Bb4 8.Qc2 dxc4 9.Bxf6 Nxf6 10.Nxc4 Qg5 
11.O-O-O O-O 12.h4 Qh5 13.Be2 Qf5 14.Bd3 Qh5 
15.Ne5 Bd6 16.g4 Nxg4 17.Nxg4 Qxg4 18.Bxh7+ Kh8 
19.Rdg1 Qh5 20.Rg5 Qxh7 21.Qd1 Kg8 22.Rh5 Qg6 
23.Rg1 Bb4 24.Rxg6 fxg6 25.Rg5 Bxc3 26.bxc3 Rxf2 
27.Rxg6 Rf6 28.Rxf6 gxf6 29.Qg1+ Kf7 30.h5 Bd7 
31.Qg6+ Ke7 32.Qg7+ 1-0

[Event "HCL-C082"]
[Site "www.playchess.de"]
[Date "2001.02.01"]
[Round "4"]
[White "whizkid"]
[Black "lulu"]
[WhiteElo "568"]
[BlackElo "1000"]
[PlyCount "38"]
[Result "0-1"]

1.d4 d6 2.c4 Nf6 3.Nc3 e6 4.Nf3 Be7 5.e3 Nbd7 
6.Be2 O-O 7.O-O e5 8.dxe5 Nxe5 9.b4 Be6 10.Qc2 
Nxf3+ 11.Bxf3 Bxc4 12.Rd1 Rb8 13.e4 Be6 14.Nb5 Bd7 
15.Nxc7 Rc8 16.e5 Rxc7 17.Qb3 dxe5 18.Bb2 e4 
19.Bxf6 Bxf6 0-1

[Event "HCL-C082"]
[Site "www.playchess.de"]
[Date "2001.02.01"]
[Round "5"]
[White "lulu"]
[Black "shocker1099"]
[WhiteElo "1000"]
[BlackElo "1000"]
[PlyCount "31"]
[Result "1-0"]

1.e4 Nf6 2.Nc3 d5 3.exd5 Nxd5 4.Nxd5 Qxd5 5.Nf3 
Qe6+ 6.Be2 g6 7.O-O Bg7 8.Re1 O-O 9.d4 Bd7 10.Ne5 
Bc6 11.Bf3 Qd6 12.Nxc6 Nxc6 13.Bxc6 bxc6 14.c3 c5 
15.dxc5 Qxc5 16.Be3 1-0

[Event "HCL-C082"]
[Site "www.playchess.de"]
[Date "2001.02.01"]
[Round "8"]
[White "shocker1099"]
[Black "lienk"]
[WhiteElo "1000"]
[BlackElo "1200"]
[PlyCount "26"]
[Result "0-1"]

1.e4 f5 2.Nc3 fxe4 3.Nxe4 d5 4.Ng3 e5 5.Qh5+ g6 
6.Qxe5+ Qe7 7.d4 Qxe5+ 8.dxe5 Bg7 9.Nf3 Nc6 10.Bb5 
Nge7 11.c4 Bd7 12.cxd5 Nxd5 13.O-O 
Nxe5 0-1

[Event "HCL-C082"]
[Site "www.playchess.de"]
[Date "2001.02.01"]
[Round "10"]
[White "lulu"]
[Black "lienk"]
[WhiteElo "1000"]
[BlackElo "1200"]
[PlyCount "53"]
[Result "1-0"]

1.e4 e5 2.Nf3 Nc6 3.Nc3 Bc5 4.Bc4 Nf6 5.O-O O-O 
6.Bd5 d6 7.a3 Ng4 8.d3 Nxf2 9.Rxf2 Bxf2+ 10.Kxf2 
h6 11.Kg1 Kh7 12.Be3 f5 13.exf5 Bxf5 14.Ng5+ Kg6 
15.Nf3 Bh3 16.gxh3 Nd4 17.Nxd4 exd4 18.Qg4+ Kh7 
19.Be4+ Kh8 20.Bxd4 Qg5 21.Qxg5 hxg5 22.Rf1 Rf4 
23.Rxf4 gxf4 24.Nd5 c6 25.Nc7 Rc8 26.Ne6 Rf8 
27.Nxf8 1-0

[Event "HCL-B013"]
[Site "www.playchess.de"]
[Date "2001.02.01"]
[Round "1"]
[White "maze"]
[Black "doyley"]
[WhiteElo "1300"]
[BlackElo "1200"]
[PlyCount "39"]
[Result "1-0"]

1.e4 c6 2.d4 d5 3.Nc3 dxe4 4.Nxe4 Bf5 5.Ng3 Bg6 
6.h4 h6 7.Nf3 Nf6 8.h5 Bh7 9.Bd3 Bxd3 10.Qxd3 e6 
11.Bd2 Bd6 12.Ne4 Nxe4 13.Qxe4 Nd7 14.O-O-O Nf6 
15.Qe2 Qc7 16.g4 Nd5 17.Kb1 Qb6 18.c4 Nf4 19.Qe4 
Qc7 20.c5 1-0

[Event "HCL-B013"]
[Site "www.playchess.de"]
[Date "2001.02.01"]
[Round "4"]
[White "maze"]
[Black "cabe"]
[WhiteElo "1300"]
[BlackElo "1500"]
[PlyCount "46"]
[Result "1-0"]

1.e4 e5 2.Nf3 f5 3.Nxe5 Qf6 4.d4 fxe4 5.Bc4 Bb4+ 
6.c3 Bd6 7.Nf7 b5 8.Qh5 g6 9.Qd5 bxc4 10.Nxh8 Qxh8 
11.Qxe4+ Ne7 12.Qxa8 Nbc6 13.O-O Kf7 14.Nd2 Na5 
15.Qxa7 Nec6 16.Qa8 Qd8 17.d5 Bb7 18.Qxd8 Nxd8 
19.b4 cxb3 20.e.p axb3 21.Nxb3 Nxb3 22.Bxd5 Nd4 
23.Be4 Re1 1-0

[Event "HCL-B013"]
[Site "www.playchess.de"]
[Date "2001.02.01"]
[Round "5"]
[White "cabe"]
[Black "doyley"]
[WhiteElo "1500"]
[BlackElo "1200"]
[PlyCount "39"]
[Result "1-0"]

1.d4 Nf6 2.c4 e6 3.Nf3 Bb4+ 4.Nbd2 d5 5.a3 Be7 
6.e3 O-O 7.Bd3 dxc4 8.Nxc4 c5 9.dxc5 Bxc5 10.b4 
Be7 11.O-O Nc6 12.Bb2 h6 13.Qe2 a6 14.Rad1 Ra7 
15.Bh7+ Nxh7 16.Rxd8 Rxd8 17.Rc1 b5 18.Nce5 Nxe5 
19.Nxe5 Bf6 20.Nc6 1-0

[Event "HCL-B013"]
[Site "www.playchess.de"]
[Date "2001.02.01"]
[Round "7"]
[White "Geo"]
[Black "maze"]
[WhiteElo "1500"]
[BlackElo "1300"]
[PlyCount "56"]
[Result "0-1"]

1.e4 c5 2.c3 d5 3.exd5 Qxd5 4.Nf3 Nf6 5.Bb5+ Nc6 
6.Na3 Bg4 7.Be2 O-O-O 8.O-O e5 9.c4 Qd7 10.Nc2 Bd6 
11.Rb1 e4 12.Ng5 Bf5 13.Ne3 Bg6 14.Ng4 h6 15.Nxf6 
gxf6 16.Nh3 Bf5 17.Kh1 Bxh3 18.Rg1 Bf5 19.Ra1 Rhg8 
20.g4 Be6 21.h3 h5 22.d3 exd3 23.Bf3 hxg4 24.Bxg4 
Bxg4 25.hxg4 Nd4 26.f3 Rgh8+ 27.Kg2 Rh2+ 28.Kf1 
Qe6 0-1

[Event "HCL-B013"]
[Site "www.playchess.de"]
[Date "2001.02.01"]
[Round "8"]
[White "doyley"]
[Black "Geo"]
[WhiteElo "1200"]
[BlackElo "1500"]
[PlyCount "40"]
[Result "0-1"]

1.e4 c5 2.c3 Nf6 3.e5 Nd5 4.d4 cxd4 5.cxd4 Nc6 
6.Bc4 Ncb4 7.a3 Qc7 8.Qb3 b5 9.axb4 bxc4 10.Qa4 
Bb7 11.Nf3 Nb6 12.Qd1 e6 13.Bd2 a6 14.b5 axb5 
15.Nc3 Rxa1 16.Qxa1 Bxf3 17.gxf3 b4 18.Nb5 Qc6 
19.Qa5 Nd5 20.O-O Be7 0-1

[Event "HCL-B013"]
[Site "www.playchess.de"]
[Date "2001.02.01"]
[Round "11"]
[White "maze"]
[Black "NinoDeOro"]
[WhiteElo "1300"]
[BlackElo "1200"]
[PlyCount "27"]
[Result "1-0"]

1.e4 c5 2.Nf3 Nc6 3.d4 d6 4.d5 Nb8 5.Nc3 Bg4 
6.Bb5+ Nd7 7.h3 Bxf3 8.Qxf3 Ngf6 9.Bf4 g6 10.e5 
Nh5 11.e6 Nhf6 12.Bg5 Bg7 13.Bxd7+ Nxd7 
14.Qxf7+ 1-0

[Event "HCL-B013"]
[Site "www.playchess.de"]
[Date "2001.02.01"]
[Round "12"]
[White "NinoDeOro"]
[Black "doyley"]
[WhiteElo "1200"]
[BlackElo "1200"]
[PlyCount "22"]
[Result "0-1"]

1.e4 c6 2.d4 d5 3.exd5 cxd5 4.Nf3 Bf5 5.Nc3 e6 
6.Bd3 Bxd3 7.Qxd3 a6 8.O-O Nf6 9.Bf4 Bd6 10.Bxd6 
Qxd6 11.Rfe1 Nc6 0-1

[Event "HCL-B094"]
[Site "www.playchess.de"]
[Date "2001.02.01"]
[Round "1"]
[White "jack-up"]
[Black "Gabriele"]
[WhiteElo "1412"]
[BlackElo "1659"]
[PlyCount "45"]
[Result "1-0"]

1.e4 c5 2.Bc4 e6 3.Nf3 d5 4.exd5 exd5 5.Qe2+ Be7 
6.Bb5+ Bd7 7.d4 c4 8.Nc3 Nf6 9.b3 Bxb5 10.Nxb5 O-O 
11.O-O Ne4 12.bxc4 a6 13.cxd5 axb5 14.Qxe4 Bd6 
15.Ng5 g6 16.Qh4 h5 17.g4 Kg7 18.gxh5 Rh8 19.h6+ 
Rxh6 20.Ne6+ fxe6 21.Qxd8 Bxh2+ 22.Kg2 Ra4 
23.Qe7+ 1-0

[Event "HCL-B094"]
[Site "www.playchess.de"]
[Date "2001.02.01"]
[Round "2"]
[White "PDelaquess"]
[Black "jack-up"]
[WhiteElo "1418"]
[BlackElo "1412"]
[PlyCount "51"]
[Result "1-0"]

1.e4 c5 2.Nf3 g6 3.d4 e6 4.Be3 Nf6 5.dxc5 Nxe4 
6.Qd4 Nf6 7.Nc3 Bg7 8.O-O-O Nc6 9.Qd2 b6 10.cxb6 
axb6 11.Bh6 O-O 12.Bxg7 Kxg7 13.Bb5 Bb7 14.Rhe1 d5 
15.Bxc6 Bxc6 16.Nd4 Qc7 17.Rxe6 Bb7 18.Nf5+ gxf5 
19.Qg5+ Kh8 20.Qxf6+ Kg8 21.Re3 Qf4 22.Kb1 Rfe8 
23.Rg3+ Kf8 24.Rg7 Re7 25.Rxh7 Ke8 
26.Nxd5 1-0

[Event "HCL-B094"]
[Site "www.playchess.de"]
[Date "2001.02.01"]
[Round "4"]
[White "jack-up"]
[Black "peze"]
[WhiteElo "1412"]
[BlackElo "1743"]
[PlyCount "58"]
[Result "0-1"]

1.e4 e5 2.Bc4 Nf6 3.d3 Nc6 4.Nf3 Bc5 5.Bd2 d6 
6.Ng5 O-O 7.Nc3 a6 8.Nd5 b5 9.Bb3 Nd4 10.Nxf6+ 
Qxf6 11.O-O h6 12.Qh5 hxg5 13.Bxg5 g6 14.Kh1 gxh5 
15.Bxf6 Re8 16.f4 Bg4 17.fxe5 dxe5 18.c4 Be2 
19.Rfc1 Nxb3 20.axb3 Bd4 21.Ra2 Bxd3 22.cxb5 axb5 
23.Rxa8 Rxa8 24.h3 Ra6 25.Bd8 Ra2 26.Bxc7 Bxe4 
27.Re1 f5 28.Re2 Ra1+ 29.Kh2 h4 0-1

[Event "HCL-B094"]
[Site "www.playchess.de"]
[Date "2001.02.01"]
[Round "5"]
[White "peze"]
[Black "Gabriele"]
[WhiteElo "1743"]
[BlackElo "1659"]
[PlyCount "43"]
[Result "1-0"]

1.c4 Nf6 2.Nc3 e6 3.g3 Bc5 4.Bg2 Ng4 5.d4 Bb4 6.e4 
Bxc3+ 7.bxc3 Nxf2 8.Kxf2 O-O 9.Nf3 b6 10.Qd3 Bb7 
11.Rf1 d5 12.exd5 exd5 13.Ng5 g6 14.Qf3 c6 15.Kg1 
dxc4 16.Ba3 Qxg5 17.Bxf8 f5 18.Ba3 Nd7 19.Rae1 Nf6 
20.Qe2 b5 21.Qe6+ Kh8 22.Be7 1-0

[Event "HCL-B094"]
[Site "www.playchess.de"]
[Date "2001.02.01"]
[Round "6"]
[White "PDelaquess"]
[Black "peze"]
[WhiteElo "1418"]
[BlackElo "1743"]
[PlyCount "32"]
[Result "0-1"]

1.e4 e5 2.f4 exf4 3.Nf3 g5 4.h4 g4 5.Ne5 Nf6 6.Bc4 
d5 7.exd5 Bd6 8.d4 O-O 9.O-O Nh5 10.Nxg4 Qxh4 
11.Nh2 Ng3 12.Qe1 Nd7 13.Nc3 Nf6 14.Ne2 Re8 15.Qf2 
Ng4 16.Qe1 Qxh2+ 0-1

[Event "HCL-B094"]
[Site "www.playchess.de"]
[Date "2001.02.01"]
[Round "9"]
[White "Sixty4"]
[Black "PDelaquess"]
[WhiteElo "1606"]
[BlackElo "1418"]
[PlyCount "49"]
[Result "1-0"]

1.e4 e5 2.f4 exf4 3.Nf3 d5 4.exd5 Nf6 5.Bb5+ c6 
6.dxc6 bxc6 7.Bc4 Nd5 8.Nc3 Be7 9.O-O O-O 10.d4 
Nb6 11.Bb3 Ba6 12.Re1 Bf6 13.Bxf4 N8d7 14.Ne4 Nd5 
15.Nxf6+ Qxf6 16.Bg5 Qg6 17.Qd2 N7f6 18.Ne5 Qh5 
19.c4 Nb6 20.Bd1 Nxc4 21.Nxc4 Ng4 22.Qf4 Bxc4 
23.Bxg4 Qg6 24.Bf5 Qh5 25.g4 1-0

[Event "HCL-B094"]
[Site "www.playchess.de"]
[Date "2001.02.01"]
[Round "10"]
[White "peze"]
[Black "Sixty4"]
[WhiteElo "1743"]
[BlackElo "1606"]
[PlyCount "47"]
[Result "1-0"]

1.c4 f5 2.d4 Nf6 3.g3 e6 4.Bg2 Be7 5.Nf3 d6 6.O-O 
O-O 7.Nc3 Qe8 8.b3 Qh5 9.Ba3 f4 10.gxf4 Ng4 11.Qd2 
Rf6 12.d5 e5 13.h3 Rg6 14.hxg4 Bxg4 15.Ne4 Bxf3 
16.exf3 Nd7 17.Ng3 Qh4 18.Rfe1 Bf6 19.fxe5 Bxe5 
20.Re4 Qxe4 21.fxe4 Bxa1 22.Qa5 Bd4 23.Qxc7 Ne5 
24.Nf5 1-0

[Event "HCL-B094"]
[Site "www.playchess.de"]
[Date "2001.02.01"]
[Round "18"]
[White "Gandalf_9417"]
[Black "PDelaquess"]
[WhiteElo "1200"]
[BlackElo "1418"]
[PlyCount "38"]
[Result "0-1"]

1.e4 e5 2.Nf3 Nc6 3.Bb5 a6 4.Ba4 Nf6 5.O-O Nxe4 
6.d4 b5 7.Bb3 d5 8.dxe5 Be6 9.c3 Bc5 10.Nbd2 O-O 
11.Nxe4 dxe4 12.Bxe6 fxe6 13.Ng5 Qxd1 14.Rxd1 Rxf2 
15.Nxe4 Rd2+ 16.Nxc5 Rxd1+ 17.Kf2 Rf8+ 18.Ke2 Rff1 
19.Nd3 Nxe5 0-1

[Event "HCL-B094"]
[Site "www.playchess.de"]
[Date "2001.02.01"]
[Round "19"]
[White "peze"]
[Black "Gandalf_9417"]
[WhiteElo "1743"]
[BlackElo "1200"]
[PlyCount "59"]
[Result "1-0"]

1.e4 c6 2.d4 d5 3.exd5 cxd5 4.c4 Nf6 5.Nc3 Nc6 
6.Bg5 e6 7.c5 Be7 8.Nf3 O-O 9.Bb5 Ne4 10.Bxe7 Nxe7 
11.Rc1 b6 12.Bd3 Bb7 13.Qb3 Qc7 14.O-O bxc5 
15.dxc5 Rfb8 16.Nb5 Qc6 17.Ne5 Qc8 18.Bxe4 dxe4 
19.Nd6 Qc7 20.Nexf7 Bd5 21.Qa3 Nf5 22.b4 a5 23.b5 
Nd4 24.b6 Qc6 25.Ne5 Qxd6 26.cxd6 Ne2+ 27.Kh1 Nxc1 
28.Rxc1 Rxb6 29.Qxa5 Rxd6 30.Qxa8+ 1-0

[Event "ACL-A007"]
[Site "www.playchess.de"]
[Date "2001.02.01"]
[Round "1"]
[White "Sd_68"]
[Black "Mathemagician"]
[WhiteElo "1500"]
[BlackElo "1500"]
[PlyCount "69"]
[Result "1/2-1/2"]

1.e4 c5 2.Nf3 Nc6 3.Bb5 Nf6 4.Nc3 e6 5.O-O d5 
6.exd5 Nxd5 7.Nxd5 Qxd5 8.c4 Qd6 9.d4 cxd4 10.Nxd4 
Bd7 11.Nxc6 Bxc6 12.Qxd6 Bxd6 13.Bxc6+ bxc6 14.Be3 
Be5 15.Rab1 O-O 16.Rfd1 Rfb8 17.b3 Rbd8 18.Bxa7 
Rxd1+ 19.Rxd1 Bc7 20.Bc5 Rxa2 21.g3 h5 22.Rd7 Be5 
23.Rd8+ Kh7 24.Rd7 Kg6 25.Kg2 Rb2 26.Rb7 f6 27.Kf3 
Kf5 28.h3 g5 29.g4+ Kg6 30.Ke4 Bf4 31.gxh5+ Kxh5 
32.Rb6 f5+ 33.Kd3 Kh4 34.b4 e5 
35.Kc3 1/2-1/2

[Event "ACL-A007"]
[Site "www.playchess.de"]
[Date "2001.02.01"]
[Round "7"]
[White "Lonesome"]
[Black "Sd_68"]
[WhiteElo "1500"]
[BlackElo "1500"]
[PlyCount "31"]
[Result "1-0"]

1.e4 d6 2.d4 Nf6 3.Nc3 g6 4.f3 Bg7 5.Be3 Nbd7 
6.Qd2 e5 7.Nge2 O-O 8.g4 a6 9.d5 c6 10.dxc6 bxc6 
11.Qxd6 Bb7 12.O-O-O Re8 13.g5 Re6 14.Qd2 Bf8 
15.gxf6 Rd6 16.Qe1 1-0

[Event "ACL-A007"]
[Site "www.playchess.de"]
[Date "2001.02.01"]
[Round "8"]
[White "Mathemagician"]
[Black "Lonesome"]
[WhiteElo "1500"]
[BlackElo "1500"]
[PlyCount "118"]
[Result "0-1"]

1.e4 e6 2.d4 d5 3.Nc3 Nf6 4.Bg5 dxe4 5.Nxe4 Be7 
6.Nxf6+ Bxf6 7.Bxf6 Qxf6 8.c3 O-O 9.Bd3 Nd7 10.Qh5 
g6 11.Qf3 Rb8 12.O-O-O b5 13.Qxf6 Nxf6 14.Nf3 Bb7 
15.Be2 Bd5 16.a3 a5 17.Rde1 Rfc8 18.Rhg1 c5 
19.dxc5 Rxc5 20.Ne5 Kf8 21.Nd3 Rc7 22.Ne5 Bb3 
23.Bd1 Ba2 24.Bf3 b4 25.axb4 axb4 26.Kc2 bxc3 
27.bxc3 Bb3+ 28.Kd2 Rd8+ 29.Nd3 Bc4 30.Re3 Rcd7 
31.Be2 Bxd3 32.Rxd3 Ne4+ 33.Kc2 R7xd3 34.Bxd3 Nxf2 
35.Be2 Ne4 36.Bf3 Nc5 37.Rd1 Rxd1 38.Bxd1 Ke7 
39.Kb2 Kd6 40.Ka3 Kd5 41.Be2 h5 42.Kb4 Ne4 43.Bc4+ 
Ke5 44.Bd3 f5 45.c4 Kd4 46.Be2 h4 47.Bd1 e5 48.Ba4 
Nc5 49.Be8 g5 50.Bg6 f4 51.Kb5 e4 52.Bh5 Nd3 
53.Be2 Ke3 54.Bg4 f3 55.gxf3 exf3 56.c5 Nxc5 
57.Kxc5 f2 58.Bh3 g4 59.Bf1 g3 0-1

[Event "ACL-A007"]
[Site "www.playchess.de"]
[Date "2001.02.01"]
[Round "9"]
[White "Lonesome"]
[Black "paard"]
[WhiteElo "1500"]
[BlackElo "1500"]
[PlyCount "68"]
[Result "0-1"]

1.e4 c5 2.b3 d6 3.Bb2 e5 4.g3 Nf6 5.Bg2 Nc6 6.Ne2 
Be7 7.O-O O-O 8.d3 d5 9.exd5 Nxd5 10.Nbc3 Be6 
11.Nxd5 Bxd5 12.Bxd5 Qxd5 13.Nc3 Qd7 14.Ne4 f5 
15.Nd2 Rad8 16.Nc4 Bf6 17.a4 e4 18.Bxf6 Rxf6 
19.dxe4 Qe8 20.Qf3 Nd4 21.Qg2 fxe4 22.Ne3 Nf3+ 
23.Kh1 Rh6 24.Ng4 Rh5 25.Rfe1 Qg6 26.Ne3 Nxh2 
27.Qxh2 Rd6 28.g4 Rxh2+ 29.Kxh2 Qf6 30.Nf5 Rd2 
31.Rad1 Rxf2+ 32.Kg1 Rf4 33.Rd5 Rxg4+ 34.Kh2 
Qg5 0-1

[Event "HCL-A013"]
[Site "www.playchess.de"]
[Date "2001.02.02"]
[Round "11"]
[White "senna"]
[Black "mariuszk"]
[WhiteElo "1900"]
[BlackElo "1700"]
[PlyCount "95"]
[Result "1/2-1/2"]

1.e4 Nf6 2.e5 Nd5 3.d4 d6 4.c4 Nb6 5.exd6 exd6 
6.Nc3 g6 7.Bd3 Bg7 8.Nge2 O-O 9.O-O Nc6 10.Be3 Ne7 
11.Qd2 d5 12.c5 Nc4 13.Bxc4 dxc4 14.Bh6 Bxh6 
15.Qxh6 Bf5 16.Rad1 Bd3 17.Rfe1 Re8 18.Qf4 Nc6 
19.a3 g5 20.Qg3 Bc2 21.Rdc1 Nxd4 22.Nxd4 Qxd4 
23.Qxg5+ Kh8 24.Re7 Rad8 25.Rce1 Rxe7 26.Qxe7 Qd7 
27.h4 Qxe7 28.Rxe7 Rc8 29.Rxf7 Kg8 30.Rf4 Bd3 
31.Rd4 b5 32.Nxb5 Rb8 33.a4 a6 34.Nxc7 Rxb2 
35.Nxa6 Be2 36.c6 c3 37.Nb4 c2 38.Nxc2 Rxc2 
39.Rd8+ Kf7 40.Rd7+ Kg6 41.c7 Bg4 42.h5+ Kxh5 
43.Rxh7+ Kg6 44.Rh8 Rxc7 45.Rg8+ Kh5 46.Kh2 Ra7 
47.f4 Ra5 48.Rg5+ 1/2-1/2

[Event "HCL-A047"]
[Site "www.playchess.de"]
[Date "2001.02.02"]
[Round "3"]
[White "ABBOTS"]
[Black "Dio"]
[WhiteElo "1762"]
[BlackElo "2195"]
[PlyCount "43"]
[Result "1/2-1/2"]

1.e4 e6 2.d4 d5 3.e5 c5 4.c3 Nc6 5.Nf3 Qb6 6.a3 
Bd7 7.b4 cxd4 8.cxd4 Nge7 9.Be3 Nf5 10.Be2 Nxe3 
11.fxe3 Be7 12.O-O O-O 13.Nbd2 f6 14.exf6 Bxf6 
15.Nb3 Be7 16.b5 Na5 17.Nxa5 Qxa5 18.Qe1 Qxe1 
19.Rfxe1 Rac8 20.Rec1 Rxc1+ 21.Rxc1 Rc8 
22.Rxc8+ 1/2-1/2

[Event "HCL-A053"]
[Site "www.playchess.de"]
[Date "2001.02.02"]
[Round "20"]
[White "bondegnasker"]
[Black "Deepecho"]
[WhiteElo "1626"]
[BlackElo "1800"]
[PlyCount "25"]
[Result "1-0"]

1.d4 d5 2.c4 c6 3.Nf3 Nf6 4.Qc2 e6 5.g3 Ne4 6.Bg2 
f5 7.O-O Be7 8.b3 O-O 9.Bb2 Nd7 10.Nbd2 a5 11.Ne1 
Nd6 12.Nd3 Nf7 13.f3 1-0

[Event "HCL-A054"]
[Site "www.playchess.de"]
[Date "2001.02.02"]
[Round "29"]
[White "Flemming"]
[Black "klypp"]
[WhiteElo "1900"]
[BlackElo "2144"]
[PlyCount "62"]
[Result "1/2-1/2"]

1.d4 Nf6 2.c4 e6 3.Nc3 Bb4 4.e3 c5 5.Nge2 d5 
6.cxd5 Nxd5 7.a3 Ba5 8.dxc5 Bxc3+ 9.Nxc3 Nxc3 
10.Qxd8+ Kxd8 11.bxc3 Nd7 12.c6 bxc6 13.f3 Rb8 
14.Kd2 Kc7 15.Kc2 Rd8 16.e4 f6 17.Be3 a5 18.Be2 
{Back in business!}  e5 {At last!}  19.Rab1 Nb6 
20.Rhd1 Rxd1 21.Rxd1 Na4 22.Bc1 Be6 23.c4 Nc5 
24.Be3 Nb3 25.Kc3 c5 26.Rb1 Nd4 27.Bd3 Rxb1 
28.Bxb1 Kd6 29.Bd3 {Seems pretty stuck to me. 
Draw?}  g5 {I think you're right, but I still want 
to try out some ideas...}  30.Kb2 {That's ok - 
anyway we both have to win to upset Peze!}  Bd7 
{My point exactly! Sthota seems to have 
disappeared, so I guess peze will win both 
remaining games.}  31.Bd2 a4 {Seems like any win 
attempts just backfires anyway!} 
 1/2-1/2

[Event "HCL-A062"]
[Site "www.playchess.de"]
[Date "2001.02.02"]
[Round "11"]
[White "peze3"]
[Black "Brrrr"]
[WhiteElo "2168"]
[BlackElo "1796"]
[PlyCount "45"]
[Result "1-0"]

1.e4 c5 2.Nf3 d6 3.d4 cxd4 4.Nxd4 Nf6 5.Nc3 a6 
6.Bg5 e6 7.f4 Be7 8.Qf3 h6 9.Bh4 Qc7 {Happy New 
Year! :-)}  10.O-O-O {Hi! Happy New Year!}  Nxe4 
11.Qxe4 Bxh4 12.Nf5 Bf6 13.Nd5 Qc6 14.Nxd6+ Kf8 
{My 12..Bf6 was bad. I should have played 12..Be7} 
 15.Nxf6 {...yes.}  gxf6 16.Qb4 Kg7 17.Rd3 Rg8 
18.Rc3 Qd7 19.Rg3+ Kh8 20.Qc5 Nc6 21.Qh5 Kh7 
22.Bd3+ f5 23.Nxf7 1-0

[Event "HCL-B060"]
[Site "www.playchess.de"]
[Date "2001.02.02"]
[Round "23"]
[White "lucius"]
[Black "KarlKoch"]
[WhiteElo "1200"]
[BlackElo "1200"]
[PlyCount "42"]
[Result "1/2-1/2"]

1.e4 e5 2.Nf3 Nf6 3.Nc3 Bb4 4.Bc4 O-O 5.Nxe5 Bxc3 
6.dxc3 Qe7 7.f4 d6 8.Nf3 Bg4 9.O-O Nbd7 10.h3 Qxe4 
11.Bd3 Bxf3 12.Rxf3 Qd5 13.Be3 Nc5 14.Bd4 Nxd3 
15.Rxd3 Qf5 16.Qf3 c5 17.g4 Qd5 18.Bxf6 Qxf3 
19.Rxf3 gxf6 20.Re3 Rfe8 21.Rae1 
Rxe3 1/2-1/2

[Event "HCL-B086"]
[Site "www.playchess.de"]
[Date "2001.02.02"]
[Round "8"]
[White "DarthVader"]
[Black "Jozef_De_Meye"]
[WhiteElo "1200"]
[BlackElo "1500"]
[PlyCount "58"]
[Result "0-1"]

1.e4 e5 2.Nf3 Nc6 3.c3 d6 4.g3 Nf6 5.Bg2 Be7 6.b4 
Nxe4 7.Qe2 Nf6 8.d3 O-O 9.O-O a6 10.Nbd2 Bd7 11.d4 
exd4 12.Ne4 dxc3 13.Nxc3 Nxb4 14.Qd2 c5 15.a3 Nc6 
16.Bb2 Be6 17.Ne2 Ne4 18.Qc2 Bf6 19.Bxf6 Nxf6 
20.Ng5 Re8 21.Nf4 Nd4 22.Qd3 b5 23.Nh5 h6 24.Nxg7 
Kxg7 25.Ne4 Nxe4 26.Bxe4 Bc4 27.Qd1 Rxe4 28.Re1 
Rxe1+ 29.Qxe1 {Ouch}  Nf3+ 0-1

[Event "HCL-B089"]
[Site "www.playchess.de"]
[Date "2001.02.02"]
[Round "18"]
[White "Rygars"]
[Black "Trinity"]
[WhiteElo "1465"]
[BlackElo "1500"]
[PlyCount "63"]
[Result "1-0"]

1.f4 d5 2.b3 Nf6 3.Nf3 Bg4 4.h3 Bxf3 5.exf3 Nc6 
6.Bb5 e6 7.O-O Bc5+ 8.d4 Bb6 9.a4 Bxd4+ 10.Qxd4 
O-O 11.Bxc6 bxc6 12.Ba3 Re8 13.Re1 Nh5 14.Nc3 Qh4 
15.Ne2 Ng3 16.Bb2 Nf5 17.Qc3 Qh6 18.Qxc6 Qg6 
19.Nd4 Nh4 20.Re2 Rad8 21.Qxc7 f6 22.g4 e5 23.Nc6 
Nxf3+ 24.Kf2 Nh2 25.Nxd8 Nxg4+ 26.hxg4 Rf8 27.Ba3 
Qxg4 28.Rg1 Qxf4+ 29.Ke1 Qh4+ 30.Rf2 Qe4+ 31.Kf1 
Qd4 32.Qxg7+ {Thank ya for the game.} 
 1-0

[Event "HCL-B096"]
[Site "www.playchess.de"]
[Date "2001.02.02"]
[Round "12"]
[White "tsit7"]
[Black "raimacs"]
[WhiteElo "1200"]
[BlackElo "1459"]
[PlyCount "24"]
[Result "0-1"]

1.e3 e5 2.Nc3 d5 3.h4 Nf6 4.f3 Bd6 5.g4 e4 6.Rh3 
exf3 7.g5 Bxh3 8.Bxh3 Ne4 9.Nxd5 Bg3+ 10.Kf1 Qxd5 
11.d3 Bxh4 12.Qxf3 Ng3+ 0-1

[Event "HCL-B106"]
[Site "www.playchess.de"]
[Date "2001.02.02"]
[Round "10"]
[White "polemicz"]
[Black "paule"]
[WhiteElo "1500"]
[BlackElo "1814"]
[PlyCount "57"]
[Result "1-0"]

1.e4 e6 2.d4 d5 3.Nc3 Bb4 4.e5 c5 5.a3 Ba5 6.b4 
cxd4 7.Qg4 Ne7 8.bxa5 dxc3 9.Qxg7 Rg8 10.Qxh7 Nbc6 
11.Nf3 Qc7 12.Bb5 Bd7 13.O-O Nxe5 14.Nxe5 Qxe5 
15.Bxd7+ Kxd7 16.Qd3 Nc6 17.Rb1 Kc7 18.g3 d4 
19.Rb5 Qf6 20.Re1 a6 21.Rc5 Rae8 22.Qe4 e5 23.f4 
Rg4 24.Qe2 Qf5 25.fxe5 f6 26.Rf1 Qh5 27.Rxc6+ Kxc6 
{Good move! Very strong...}  28.Qf3+ Kc5 
29.exf6 1-0